000
00324nam a2200145Ia 4500
100
_a
Say/M.G
490
_v
III
942
_c
BK
245
_a
Perfomance & Design Of Alternating Current Machines
260
_b
English Language
_a
London
_c
1970
082
_a
621.3
_b
SAY
300
_a
664
546
_a
ENGLISH
999
_c
24057
_d
24057